• 首页
  • 本馆介绍
  • 公告通知
  • 最新文献
  • 馆藏检索
  • 电子资源
  • 读者导购
  • 参考咨询
  • 我的图书馆
  • 登录
  • 详细信息显示
  • 放入我的书架
  • 预约/预借图书
  • 作者相关作品
  • 分类相关作品
  • 丛书相关作品
  • 出版社相关作品

书目信息

  • 表格格式
  • 工作单格式
  • 卡片格式
题名:
淮军志
    
 
作者: 王尔敏 著
分册:  
出版信息: 北京   中华书局  1987
页数: 457页
开本: 20cm
丛书名:
单 册:
中图分类: K254.06
科图分类:
主题词: 中国--历史--1840~1949
电子资源:
ISBN: 7-101-00181-5
000 00718nam0 2200265 45
001 0187000726
005 20040506094236.5
010    @a7-101-00181-5@dCNY7.00
100    @a19900808e19871981em y0chiy0121 ea
101 0  @achi
102    @aCN@b110000
105    @ay z 000yd
106    @ar
200 10 @a淮军志@Ahuai jun zhi@f王尔敏著
205    @a影印版
210    @a北京@c中华书局@d1987
215    @a457页@d20cm
300    @a据台湾中央研究院近代史研究专刊(22)1981年2月版影印
601 02 @a淮军@x史料
606 0  @a中国@x历史@z1840~1949
690    @aK254.06
701  0 @a王尔敏@Awang er min@4著
801  0 @aCN@b深圳图书馆@c20040506
801  2 @aCN@bNLC@c20040506
905    @f1@b218259@dK254.06@e28
    
    淮军志/王尔敏著.-影印版.-北京:中华书局,1987
    457页;20cm
    据台湾中央研究院近代史研究专刊(22)1981年2月版影印
    
    ISBN 7-101-00181-5:CNY7.00
    
●
相关链接 在E读中查询图书 在五车中查询图书 在当当中查询图书 在豆瓣中查询图书


正题名:淮军志     索取号:K254.06/28         预约/预借

序号 登录号 条形码 馆藏地/架位号 状态 备注
1 0218259   001285086   第二借阅区/ [索取号:K254.06/28] 在馆    
2 0218260   001285013   第二样本阅览室/ [索取号:K254.06/28] 在馆    
唐山师范学院图书馆 欢迎您!
大连网信软件有限公司© 版权所有